000 00231nam a2200085Ia 4500
245 0 _aGauteng : A-Z
100 _a Fraser, Sean Cape Town, South Africa, 2011
_925096
942 _cBK
008 210817s9999 xx 000 0 und d
999 _c328543
_d328542